| 000 | 00871nam a2200229 i 4500 | ||
|---|---|---|---|
| 001 | 186508 | ||
| 003 | SpMaBN | ||
| 005 | 20230906222702.0 | ||
| 008 | 161118s1989 sp ae c |||| | spa d | ||
| 020 | _a84-7433-607-4 | ||
| 080 | _a725.344(064.3) | ||
| 245 | 0 | 0 |
_aFaros 89 _b: [exposición] / _c[organización, Dirección General de Puertos y Costas... ; comisaría, Enrique Martínez Tercero]. |
| 260 |
_a[Madrid] : _bDirección General de Puertos y Costas, _c1989. |
||
| 300 |
_a167 p. (2 p. pleg.) : _bprincipalmente il. col., mapas, planos ; _c24 x 24 cm. |
||
| 650 | 4 |
_aFaros- _vExposiciones. _9161330 |
|
| 650 | 4 |
_aFaros- _zEspaña. _9155966 |
|
| 655 | 7 |
_2tgfbne _9193628 _aCatálogos de exposiciones |
|
| 710 | 1 |
_aEspaña. _bDirección General de Puertos y Costas. _93779 |
|
| 852 |
_aES-MaACL _jL-30852 |
||
| 942 | _2udc | ||
| 999 |
_c186508 _d186508 |
||